ბათუმის შოთა რუსთაველის სახელმწიფო უნივერსიტეტის ბიბლიოთეკა

1000 и один договор : (ბიბ.ჩანაწერი № 36084)

000 -LEADER
fixed length control field 00880nam a2200193Ia 4500
001 - CONTROL NUMBER
control field 1984
003 - CONTROL NUMBER IDENTIFIER
control field GE_BSU
005 - DATE AND TIME OF LATEST TRANSACTION
control field 20190424151521.0
008 - FIXED-LENGTH DATA ELEMENTS--GENERAL INFORMATION
fixed length control field 181216s2007||||ru |||||||||||||| ||rus||
020 ## - INTERNATIONAL STANDARD BOOK NUMBER
International Standard Book Number 9785903058822
040 ## - CATALOGING SOURCE
Transcribing agency GE_BSU
080 ## - UNIVERSAL DECIMAL CLASSIFICATION NUMBER
Universal Decimal Classification number 657
245 ## - TITLE STATEMENT
Title 1000 и один договор :
Remainder of title учтены все последние изменения в законодательстве : технология составления, бухгалтерский учет, налогообложение, сложные вопросы, практические примеры, оформление документов /
Statement of responsibility, etc. под ред. Г. Ю. Касьяновой.
264 ## - PRODUCTION, PUBLICATION, DISTRIBUTION, MANUFACTURE, AND COPYRIGHT NOTICE
Place of production, publication, distribution, manufacture Москва :
Name of producer, publisher, distributor, manufacturer Аргумент,
Date of production, publication, distribution, manufacture, or copyright notice 2007.
300 ## - PHYSICAL DESCRIPTION
Extent 376 с.;
Other physical details 19 см.
653 ## - INDEX TERM--UNCONTROLLED
keyword ეკონომიკა.
653 ## - INDEX TERM--UNCONTROLLED
keyword ბუღალტერია.
942 ## - ADDED ENTRY ELEMENTS (KOHA)
Koha item type წიგნი
Source of classification or shelving scheme
ეგზემპლარები
Withdrawn status Lost status Source of classification or shelving scheme Damaged status Not for loan Permanent Location Current Location Shelving location Date acquired Cost, normal purchase price Full call number Barcode Date last seen Copy number Price effective from Koha item type Public note
          ბათუმის შოთა რუსთაველის სახელმწიფო უნივერსიტეტის მთავარი ბიბლიოთეკა ბათუმის შოთა რუსთაველის სახელმწიფო უნივერსიტეტის მთავარი ბიბლიოთეკა წიგნსაცავი 2018-12-17 15.00 657 Т-93 3855 2018-12-17 3855 2018-12-17 წიგნი 15 ლ.